000 00724nam a2200217 4500
001 111413
003 ES-MaBCM
005 20241016140531.0
008 051006s1965 esp spa d
021 _axx
035 _a(OCoLC)1365178691
040 _cES-MaBCM
041 0 _aita
245 1 3 _aLa burocrazia statale in italia
_cIstito per la Scienza dell´Amministrazione Pubblica, Dipartimento di Diritto Amministrativo
260 _aMilano :
_bPer i Tipi dell´Editore Giufrè,
_c1965
300 _aVIII, 285 p.
_c25 cm
650 2 7 _aBurocracia
_957783
651 2 4 _aItalia
_9115380
700 2 _aIstituto per la Scienza dell'Amministrazione Pubblica. Dipartimento di Diritto Amministrativo
_962915
942 _cBK
999 _c111413
_d111413